[Event "Jm KP I 23-24 Rudice-Kurim B"]
[Site "Rudice"]
[Date "2023.12.10"]
[Round "20.1"]
[White "Rada, Michal"]
[Black "Soucek, Andrej"]
[Result "1-0"]
[WhiteElo "2094"]
[BlackElo "1871"]
[PlyCount "63"]
[EventDate "2023.10.22"]
[Source "Analyze This Pr"]

1. e4 e6 2. d4 d5 3. Nd2 c5 4. exd5 exd5 5. Ngf3 a6 6. Be2 Nf6 7. O-O c4 8. Re1
Be7 9. Ne5 O-O 10. b3 b5 11. bxc4 bxc4 12. Bf3 Be6 13. Ndxc4 Nfd7 14. Rb1 Ra7
15. Nxd7 Nxd7 16. Ne3 Nf6 17. Bd2 Qd7 18. Bb4 Bxb4 19. Rxb4 Rc8 20. Qb1 Rac7
21. Rb6 Rc6 22. Rxc6 Rxc6 23. c4 Rc8 24. c5 h5 25. Qb4 Bg4 26. Bxg4 hxg4 27.
Rb1 Rc7 28. Qb8+ Kh7 29. Rb6 g3 30. hxg3 Ng4 (30... a5) 31. Rd6 Qe7 32. Qb1+
1-0

[Event "Jm KP I 23-24 Rudice-Kurim B"]
[Site "Rudice"]
[Date "2023.12.10"]
[Round "20.2"]
[White "Bocek, Tadeas"]
[Black "Bohacek, Milan"]
[Result "1/2-1/2"]
[WhiteElo "1833"]
[BlackElo "2014"]
[PlyCount "77"]
[EventDate "2023.10.22"]
[Source "Analyze This Pr"]

1. d4 g6 2. Nf3 Bg7 3. c4 d6 4. Nc3 Nf6 5. Bg5 b6 6. e3 O-O 7. Be2 c5 8. d5 Na6
9. O-O Nc7 10. Qd2 Nd7 11. e4 Ne5 12. Bh6 f6 13. Bxg7 Kxg7 14. Nxe5 fxe5 15. f4
exf4 16. Rxf4 Rxf4 17. Qxf4 e5 18. dxe6 Nxe6 19. Qg3 Nd4 20. Bg4 Qg5 21. Bxc8
Qxg3 22. hxg3 Rxc8 23. Rd1 Rf8 24. Rd2 h5 25. Ne2 Nxe2+ 26. Rxe2 Kf6 27. Rf2+
Ke7 28. Rf3 Rb8 29. Ra3 Rb7 30. Kf2 Ke6 31. Ke3 b5 32. cxb5 Rxb5 33. b3 Rb7 34.
Ra6 Ke5 35. Kf3 g5 36. Ra4 g4+ 37. Ke3 Rf7 38. Ra5 Rc7 39. Ra4 1/2-1/2

[Event "Jm KP I 23-24 Rudice-Kurim B"]
[Site "Rudice"]
[Date "2023.12.10"]
[Round "20.3"]
[White "Can, Vaclav"]
[Black "Kudla, Vladimir"]
[Result "1/2-1/2"]
[WhiteElo "1891"]
[BlackElo "1871"]
[PlyCount "64"]
[EventDate "2023.10.22"]
[Source "Analyze This Pr"]

1. e4 b6 2. d4 Bb7 3. Bd3 Nf6 4. Qe2 Nc6 5. c3 e5 6. d5 Ne7 7. Nf3 Ng6 8. O-O
Be7 9. c4 O-O 10. Nc3 Re8 11. g3 d6 12. h3 h6 13. b4 Nh7 14. Kh2 Qd7 15. Ng1
Rf8 16. a3 Bg5 17. Bxg5 hxg5 18. Qe3 Qe7 19. Nf3 Bc8 20. Rac1 g4 21. hxg4 Bxg4
22. c5 Bxf3 23. Qxf3 Ng5 24. Qg4 Qf6 25. Kg2 Qd8 26. cxd6 cxd6 27. Nb5 Qf6 28.
Nxd6 Qxd6 29. Qxg5 Rac8 30. Ba6 Rxc1 31. Rxc1 Ne7 32. Bd3 Nxd5 1/2-1/2

[Event "Jm KP I 23-24 Rudice-Kurim B"]
[Site "Rudice"]
[Date "2023.12.10"]
[Round "20.4"]
[White "Pesl, Jan"]
[Black "Polach, Danes"]
[Result "0-1"]
[WhiteElo "1800"]
[BlackElo "1915"]
[PlyCount "152"]
[EventDate "2023.10.22"]
[Source "Analyze This Pr"]

1. e4 d5 2. exd5 Qxd5 3. d4 e5 4. dxe5 Qxe5+ 5. Be2 Bg4 6. Nc3 Nf6 7. Be3 Bxe2
8. Ngxe2 Bb4 9. O-O Bxc3 10. Nxc3 O-O 11. Re1 Qf5 12. Qe2 c6 13. Rad1 Nbd7 14.
f3 Nb6 15. Bxb6 axb6 16. Qf2 Qa5 17. a3 Rfe8 18. Qd4 h6 19. Ne4 Nxe4 20. Rxe4
Rxe4 21. fxe4 Re8 22. Kf2 Qh5 23. Rd3 Qh4+ 24. Rg3 Qf4+ 25. Kg1 Qc1+ 26. Kf2
Qxc2+ 27. Kf1 Qc1+ 28. Kf2 Qf4+ 29. Kg1 Qe5 30. Qxe5 Rxe5 31. Rb3 b5 32. Rb4
Kf8 33. Kf2 Ke7 34. Kf3 f5 35. exf5 Rxf5+ 36. Ke3 Re5+ 37. Kd3 Rd5+ 38. Ke3 Rg5
39. g4 Kd6 40. h4 Re5+ 41. Kd3 g5 42. hxg5 Rxg5 43. Rf4 Kc7 44. b3 h5 45. gxh5
Rxh5 46. Kc3 Rh3+ 47. Kb2 Rh2+ 48. Kc3 Ra2 49. a4 bxa4 50. bxa4 Kb6 51. Rb4+
Ka6 52. Kb3 Rh2 53. Kc3 (53. Rc4) 53... b6 54. Rg4 Ka5 55. Kb3 Rh3+ 56. Kb2 c5
57. Rf4 Rd3 58. Rf6 Rd4 59. Kb3 Rb4+ 60. Kc3 Rxa4 61. Rf8 Kb5 62. Rb8 Rh4 63.
Kb3 Rh3+ 64. Kc2 Ka5 65. Rc8 Kb4 66. Rc6 b5 67. Rc7 Rh2+ 68. Kd3 (68. Kb1)
68... c4+ 69. Kd4 Rh4+ 70. Ke3 Kb3 71. Kd2 b4 72. Rb7 Rh2+ 73. Ke3 Kc3 74. Rc7
b3 75. Rc8 (75. Ra7) 75... b2 76. Rb8 Rh1 (76... Rh3+) 0-1

[Event "Jm KP I 23-24 Rudice-Kurim B"]
[Site "Rudice"]
[Date "2023.12.10"]
[Round "20.5"]
[White "Hnilicka, Michal"]
[Black "Zaporozhets, Petro"]
[Result "1/2-1/2"]
[WhiteElo "1843"]
[BlackElo "1410"]
[PlyCount "36"]
[EventDate "2023.10.22"]
[Source "Analyze This Pr"]

1. e4 e5 2. Nf3 Nc6 3. Bc4 Bc5 4. b4 Bxb4 5. c3 Bc5 6. d4 exd4 7. cxd4 Bb6 8.
O-O d6 9. Qb3 Qe7 10. e5 Nxd4 11. Nxd4 Bxd4 12. Bxf7+ Kf8 13. Bxg8 Bxa1 14.
exd6 cxd6 15. Bd5 Be5 16. Ba3 Qh4 17. g3 Qf6 18. Rc1 Bd4 1/2-1/2

[Event "Jm KP I 23-24 Rudice-Kurim B"]
[Site "Rudice"]
[Date "2023.12.10"]
[Round "20.6"]
[White "Nemec, Jakub"]
[Black "Saida, Jan"]
[Result "1/2-1/2"]
[WhiteElo "1740"]
[BlackElo "1805"]
[PlyCount "53"]
[EventDate "2023.10.22"]
[Source "Analyze This Pr"]

1. e4 e6 2. d4 d5 3. exd5 exd5 4. c4 Nf6 5. Nc3 c6 6. cxd5 Nxd5 7. Bd3 Bd6 8.
Nxd5 cxd5 9. Ne2 Nc6 10. O-O O-O 11. Bf4 Bg4 12. f3 Be6 13. Bc2 Rc8 14. Qd3 g6
15. Bxd6 Qxd6 16. Qa3 Qxa3 17. bxa3 Na5 18. Bd3 Nc4 19. Rab1 b6 20. Rfe1 Nxa3
21. Rb2 Nc4 22. Rc2 Ne3 23. Rxc8 Rxc8 24. Nf4 Nf5 25. Nxe6 fxe6 26. Rxe6 Nxd4
27. Rd6 1/2-1/2

[Event "Jm KP I 23-24 Rudice-Kurim B"]
[Site "Rudice"]
[Date "2023.12.10"]
[Round "20.7"]
[White "Nejezchleb, Drahos"]
[Black "Cihal, Jan"]
[Result "1/2-1/2"]
[WhiteElo "2010"]
[BlackElo "1744"]
[PlyCount "49"]
[EventDate "2023.10.22"]
[Source "Analyze This Pr"]

1. e4 c5 2. Nf3 e6 3. d4 cxd4 4. Nxd4 a6 5. g3 Qc7 6. Bg2 b5 7. O-O Bb7 8. Be3
Nf6 9. Nd2 Nc6 10. Rc1 Na5 11. Qe2 Nc4 12. Nxc4 bxc4 13. f3 Be7 14. Qd2 O-O 15.
Ne2 Rfd8 16. Nc3 d5 17. exd5 Nxd5 18. Nxd5 Rxd5 19. Qf2 Rb5 20. c3 Bd5 21. f4
Bxg2 22. Qxg2 Rab8 23. Rc2 Rd8 24. Bd4 Rbd5 25. Qe2 1/2-1/2

[Event "Jm KP I 23-24 Rudice-Kurim B"]
[Site "Rudice"]
[Date "2023.12.10"]
[Round "20.8"]
[White "Krupica, Pavel"]
[Black "Toulec, Richard"]
[Result "1/2-1/2"]
[WhiteElo "1806"]
[BlackElo "1693"]
[PlyCount "156"]
[EventDate "2023.10.22"]
[Source "Analyze This Pr"]

1. e4 c5 2. c3 d5 3. exd5 Qxd5 4. d4 cxd4 5. cxd4 Nc6 6. Nf3 Nf6 7. Nc3 Qd8 8.
d5 Nb8 9. Bb5+ Bd7 10. Bxd7+ Nbxd7 11. O-O Nb6 12. d6 exd6 13. Re1+ Be7 14. Qe2
a6 15. Bg5 Nbd7 16. Rad1 Kf8 17. Bf4 Nc5 18. Nd4 Rc8 19. Nf5 Ne6 20. Bxd6 Bxd6
21. Nxd6 Qc7 22. Nxc8 Qxc8 23. Qe5 h6 24. Qd6+ Kg8 25. Qe7 Qc6 26. Rd6 Qc4 27.
Qxb7 Qf4 28. Nd5 (28. Rxa6) 28... Qxd6 29. Nxf6+ gxf6 30. h3 Kg7 31. Re3 f5 32.
Rg3+ Kf6 33. Qf3 Rd8 34. Kh2 Ng5 35. Qh5 Ke7 36. Qh4 f4 37. Rf3 Ke8 38. Rb3 Rc8
39. Qg4 Rc2 40. h4 f3+ 41. Qg3 Qxg3+ 42. Kxg3 fxg2 43. Kxg2 Ne6 44. Kg3 Rc6 45.
Kg4 Ng7 46. Rb7 h5+ 47. Kf4 Rf6+ 48. Kg5 Rg6+ 49. Kf4 Ne6+ 50. Ke3 Nc5 51. Rb8+
Ke7 52. Rh8 Re6+ 53. Kd4 Ne4 54. Rxh5 Nxf2 55. Rh8 Ng4 56. Ra8 f5 57. Ra7+ Kf6
58. Ra8 Nh6 59. Rh8 Nf7 60. Rg8 Re4+ 61. Kc3 Rxh4 62. Ra8 Ra4 63. a3 Nd6 64.
Kb3 Ra5 65. Ka2 Ne4 66. b4 Rd5 67. Rxa6+ Ke5 68. a4 f4 69. b5 f3 70. b6 Nc5 71.
Ra8 f2 72. Rf8 Rd2+ 73. Ka3 Nb7 74. Kb3 Kd6 (74... Nc5+) 75. Kc3 Ra2 76. Kb3
Re2 77. Kb4 (77. Kc3) 77... Kc6 78. a5 Re4+ (78... Nd6) 1/2-1/2

[Event "Jm KP I 23-24 Letovice-Kurim A"]
[Site "?"]
[Date "2023.12.10"]
[Round "21.1"]
[White "Handl, Martin"]
[Black "Majer ml., Jiri"]
[Result "1/2-1/2"]
[WhiteElo "1981"]
[BlackElo "2196"]
[PlyCount "35"]
[EventDate "2023.??.??"]
[Source "Analyze This Pr"]

1. e4 Nf6 2. Nc3 d6 3. d4 g6 4. Nf3 Bg7 5. Bc4 O-O 6. O-O Nc6 7. h3 e5 8. dxe5
Nxe5 9. Nxe5 dxe5 10. Bg5 c6 11. Qxd8 Rxd8 12. Rfd1 Be6 13. Bxe6 fxe6 14. f3
Kf7 15. Kf2 Bf8 16. Be3 Be7 17. Rxd8 Bxd8 18. Rd1 1/2-1/2

[Event "Jm KP I 23-24 Letovice-Kurim A"]
[Site "?"]
[Date "2023.12.10"]
[Round "21.2"]
[White "Nemec, David"]
[Black "Sevcik, Leos"]
[Result "1/2-1/2"]
[WhiteElo "2053"]
[BlackElo "1966"]
[PlyCount "26"]
[EventDate "2023.??.??"]
[Source "Analyze This Pr"]

1. e4 d5 2. exd5 Qxd5 3. d4 e5 4. Be3 exd4 5. Qxd4 Qxd4 6. Bxd4 Nc6 7. Bb5 Bd7
8. Bc3 O-O-O 9. Ne2 Bb4 10. O-O Bxc3 11. Nbxc3 Ne5 12. Bxd7+ Rxd7 13. Rad1 Rxd1
1/2-1/2

[Event "Jm KP I 23-24 Letovice-Kurim A"]
[Site "?"]
[Date "2023.12.10"]
[Round "21.3"]
[White "Moc, Martin"]
[Black "Setina, Vaclav"]
[Result "1/2-1/2"]
[WhiteElo "1948"]
[BlackElo "2008"]
[PlyCount "65"]
[EventDate "2023.??.??"]
[Source "Analyze This Pr"]

1. d4 d5 2. c4 c6 3. Nf3 Nf6 4. Nc3 e6 5. e3 Nbd7 6. Bd3 dxc4 7. Bxc4 b5 8. Bd3
a6 9. O-O Bb7 10. b3 Be7 11. Bb2 c5 12. Be2 O-O 13. Rc1 Qb6 14. Qd2 Rfd8 15.
Qc2 Rac8 16. Qb1 cxd4 17. Nxd4 Nc5 18. Bf3 Bxf3 19. Nxf3 Nd3 20. Rcd1 Nxb2 21.
Qxb2 Rxd1 22. Rxd1 b4 23. Na4 Qc7 24. h3 h6 25. Qe2 Qc2 26. Rd2 Qb1+ 27. Rd1
Qc2 28. Rd2 Qb1+ 29. Rd1 Rc2 30. Rxb1 Rxe2 31. Rb2 Rxb2 32. Nxb2 Nd5 33. Na4
1/2-1/2

[Event "Jm KP I 23-24 Letovice-Kurim A"]
[Site "?"]
[Date "2023.12.10"]
[Round "21.4"]
[White "Pavlik, Vladimir"]
[Black "Moc, Roman"]
[Result "1/2-1/2"]
[WhiteElo "1969"]
[BlackElo "1918"]
[PlyCount "102"]
[EventDate "2023.??.??"]
[Source "Analyze This Pr"]

1. e4 c5 2. c3 e6 3. d4 cxd4 4. cxd4 d6 5. Nf3 Nf6 6. Bd3 Nc6 7. O-O Be7 8. Re1
Bd7 9. Nc3 e5 10. d5 Nb4 11. Bf1 a5 12. h3 O-O 13. Nh2 Ne8 14. f4 exf4 15. Bxf4
Bg5 16. Bxg5 Qxg5 17. Nf3 Qd8 18. Rc1 Nf6 19. Qd4 Re8 20. a3 Na6 21. e5 dxe5
22. Rxe5 Rxe5 23. Nxe5 h6 24. Bc4 Nc7 25. Rf1 Nce8 26. d6 Be6 27. Bxe6 fxe6 28.
Rd1 Nd7 29. Ne4 Nef6 30. Nxd7 Nxd7 31. Qc4 Qb6+ 32. Kh1 Re8 33. b4 axb4 34.
axb4 Qc6 35. Qxc6 bxc6 36. Nc5 Nxc5 37. bxc5 Kf7 38. Rb1 e5 39. Rb7+ Ke6 40.
Rxg7 Kd5 41. Re7 Rd8 42. d7 Kxc5 43. Rxe5+ Kd6 44. Rh5 Rxd7 45. Rxh6+ Kd5 46.
g4 c5 47. Ra6 c4 48. Ra1 Rc7 49. Kg2 c3 50. g5 c2 51. Rc1 Ke4 1/2-1/2

[Event "Jm KP I 23-24 Letovice-Kurim A"]
[Site "?"]
[Date "2023.12.10"]
[Round "21.5"]
[White "Dvoracek, Filip"]
[Black "Petricek, Lukas"]
[Result "1/2-1/2"]
[WhiteElo "1850"]
[BlackElo "2083"]
[PlyCount "79"]
[EventDate "2023.??.??"]
[Source "Analyze This Pr"]

1. e4 c5 2. Nc3 Nc6 3. g3 g6 4. Bg2 Bg7 5. d3 d6 6. f4 Nh6 7. Nf3 O-O 8. O-O f5
9. h3 e6 10. Be3 Nd4 11. Qd2 Bd7 12. e5 Qb6 13. Ne2 Nxe2+ 14. Qxe2 d5 15. c3
Rac8 16. b4 Qa6 17. Bxc5 Rfe8 18. Qd2 b6 19. Be3 Qa3 20. Rfc1 Bf8 21. Rab1 b5
22. Rb3 Qa4 23. Qb2 Qa6 24. Ra3 Qc6 25. Rxa7 Ra8 26. Nd4 Qc8 27. Rxa8 Qxa8 28.
Nb3 Nf7 29. Nc5 Bc6 30. Ra1 Nd8 31. Bf3 Nb7 32. Nb3 Qa6 33. g4 fxg4 34. Bxg4
Bd7 35. Kh2 Ra8 36. h4 Qc6 37. h5 Rc8 38. Bd4 Bh6 39. Qf2 Rf8 40. hxg6 1/2-1/2

[Event "Jm KP I 23-24 Letovice-Kurim A"]
[Site "?"]
[Date "2023.12.10"]
[Round "21.6"]
[White "Habina, Martin"]
[Black "Marek, Jiri"]
[Result "1-0"]
[WhiteElo "1999"]
[BlackElo "1884"]
[PlyCount "83"]
[EventDate "2023.??.??"]
[Source "Analyze This Pr"]

1. e4 c6 2. d4 d5 3. exd5 cxd5 4. c4 Nf6 5. Nc3 g6 6. Nf3 Bg7 7. Be3 O-O 8. Be2
Nc6 9. h3 dxc4 10. Bxc4 a6 11. a4 Nb4 12. Qb3 a5 13. O-O e6 14. Rfd1 Nfd5 15.
Bg5 f6 16. Bh4 Kh8 17. Rac1 b6 18. Bg3 Bb7 19. Nb5 Qd7 20. Re1 Bc6 21. Bd6 Bxb5
22. Bxf8 Bxa4 23. Bxg7+ Kxg7 24. Qa3 Nc2 25. Rxc2 Bxc2 26. Bxd5 Qxd5 27. Qe7+
Kg8 28. Qxf6 Rf8 29. Qxe6+ Qxe6 30. Rxe6 b5 31. Rb6 b4 32. Ne5 Rd8 33. Nc6 Rd7
34. d5 Kg7 35. Rb5 a4 36. Nxb4 Bb3 37. f4 Kf6 38. g4 h5 39. Kf2 hxg4 40. hxg4
Rh7 41. Rb6+ Kg7 42. Rb7+ 1-0

[Event "Jm KP I 23-24 Letovice-Kurim A"]
[Site "?"]
[Date "2023.12.10"]
[Round "21.7"]
[White "Mizak, Jan"]
[Black "Horak, Bronislav"]
[Result "0-1"]
[WhiteElo "1849"]
[BlackElo "1875"]
[PlyCount "62"]
[EventDate "2023.??.??"]
[Source "Analyze This Pr"]

1. d4 f5 2. Bf4 Nf6 3. e3 g6 4. Be2 Bg7 5. Nd2 O-O 6. h4 h6 7. g4 fxg4 8. Bxg4
d6 9. Bf3 Nbd7 10. Ne4 Qe8 11. Nxf6+ Nxf6 12. Qe2 e5 13. dxe5 dxe5 14. Bg3 e4
15. Bg2 Bg4 16. Qc4+ Rf7 17. Ne2 b5 18. Qb3 Be6 19. Qa3 Bf8 20. Qa5 Nd5 21. O-O
Bb4 22. Qa6 Rf6 23. Qb7 Bf7 24. Bxc7 Rc6 25. Bb8 Rxb8 26. Qxa7 Rbb6 27. Nf4 Rc7
28. Nxd5 Rxa7 29. Nxb6 Bc5 30. Nc8 Qxc8 31. Bxe4 Qg4+ 0-1

[Event "Jm KP I 23-24 Letovice-Kurim A"]
[Site "?"]
[Date "2023.12.10"]
[Round "21.8"]
[White "Keprt, Tomas"]
[Black "Kulhavy, Petr"]
[Result "1-0"]
[WhiteElo "1664"]
[BlackElo "1519"]
[PlyCount "55"]
[EventDate "2023.??.??"]
[Source "Analyze This Pr"]

1. e4 d5 2. exd5 Qxd5 3. d4 Bf5 4. Nf3 Qe4+ 5. Be3 Qxc2 6. Qxc2 Bxc2 7. Nc3 Nd7
8. Rc1 Bf5 9. Nb5 Kd8 10. Nxc7 Rc8 11. Nb5 Rxc1+ 12. Bxc1 a6 13. Nc3 e6 14. Bf4
Ngf6 15. h3 Bb4 16. a3 Ba5 17. Bd2 Ke7 18. g4 Bxc3 19. Bxc3 Be4 20. Bb4+ Kd8
21. Bg2 Nd5 22. Bd6 h6 23. O-O N7f6 24. Ne5 Bxg2 25. Kxg2 Ke8 26. Rc1 Nb6 27.
Rc7 Nfd7 28. Nxd7 1-0

[Event "Jm KP I. 23-24 Duras B-Univerzita B"]
[Site "?"]
[Date "2023.12.10"]
[Round "22.2"]
[White "Kisa, Lubomir"]
[Black "Fencl, Vaclav"]
[Result "1-0"]
[WhiteElo "2191"]
[BlackElo "1850"]
[PlyCount "95"]
[EventDate "2022.02.06"]
[Source "Analyze This Pr"]

1. e4 c5 2. Nf3 Nf6 3. e5 Nd5 4. Nc3 e6 5. b3 Nxc3 6. dxc3 d5 7. Bb2 Be7 8. Bd3
b6 9. Qe2 a5 10. a4 Ba6 11. Bb5+ Bxb5 12. Qxb5+ Nd7 13. Qe2 O-O 14. c4 dxc4 15.
Qxc4 Qc7 16. O-O Rfd8 17. Rfe1 Nf8 18. h4 Rd5 19. h5 Rad8 20. Nh2 R8d7 21. Ng4
Qd8 22. Ne3 Rd2 23. Bc3 R2d4 24. Bxd4 Rxd4 25. Rad1 f6 26. Rxd4 cxd4 27. Nf5
Bc5 28. Ng3 fxe5 29. Rxe5 Kh8 30. Ne4 Qc7 31. Rg5 Qf4 32. Qe2 Be7 33. Rb5 Nd7
34. g3 Qf7 35. Qc4 Nc5 36. Qxd4 Nxe4 37. Qxe4 Bc5 38. Qa8+ Qg8 39. Qxg8+ Kxg8
40. c3 Kf7 41. b4 axb4 42. cxb4 Bd4 43. a5 bxa5 44. Rb7+ Ke8 45. bxa5 Kd8 46.
a6 Kc8 47. Re7 e5 48. a7 1-0

[Event "Jm KP I. 23-24 Duras B-Univerzita B"]
[Site "?"]
[Date "2023.12.10"]
[Round "22.3"]
[White "Tuma, Miroslav"]
[Black "Svehla, Karel"]
[Result "0-1"]
[WhiteElo "1832"]
[BlackElo "2131"]
[PlyCount "57"]
[EventDate "2022.02.06"]
[Source "Analyze This Pr"]

1. e4 e6 2. d4 d5 3. e5 c5 4. c3 Qb6 5. Nf3 Bd7 6. a4 Nc6 7. Bb5 cxd4 8. Bxc6
bxc6 9. Nxd4 c5 10. Nf3 Ne7 11. O-O Ng6 12. Re1 Be7 13. Na3 O-O 14. Nc2 Rab8
15. Re2 Bc8 16. b4 cxb4 17. Nxb4 a5 18. Nd3 Ba6 19. Be3 Qc7 20. Rc2 Bxd3 21.
Qxd3 Nxe5 22. Nxe5 Qxe5 23. Qa6 Qe4 24. Rcc1 Bd8 25. Qa7 Bf6 26. Qxa5 Rfc8 27.
Bd4 Bxd4 28. cxd4 Qxd4 29. g3 0-1

[Event "Jm KP I. 23-24 Duras B-Univerzita B"]
[Site "?"]
[Date "2023.12.10"]
[Round "22.4"]
[White "Hladik, Josef"]
[Black "Chmelicek, Bronislav"]
[Result "1-0"]
[WhiteElo "2014"]
[BlackElo "1859"]
[PlyCount "67"]
[EventDate "2022.02.06"]
[Source "Analyze This Pr"]

1. d4 d5 2. Nf3 Nf6 3. e3 e6 4. Bd3 c5 5. b3 Nc6 6. O-O cxd4 7. exd4 Be7 8. Bb2
Qc7 9. a3 b6 10. Nbd2 a5 11. Qe2 O-O 12. Ne5 Bb7 13. f4 Rfc8 14. f5 Nxe5 15.
dxe5 Ne4 16. fxe6 fxe6 17. c4 Nxd2 18. Qxd2 Rf8 19. Qe2 Bc5+ 20. Kh1 Rxf1+ 21.
Rxf1 Qe7 22. Qh5 g6 23. Bxg6 hxg6 24. Qxg6+ Qg7 25. Qxe6+ Kh7 26. Rf7 Rf8 27.
Qh3+ Kg8 28. Rxg7+ Kxg7 29. e6+ d4 30. Qg4+ Kh7 31. Qh5+ Kg7 32. Qe5+ Kg6 33.
h4 Rf5 34. Qc7 1-0

[Event "Jm KP I. 23-24 Duras B-Univerzita B"]
[Site "?"]
[Date "2023.12.10"]
[Round "22.5"]
[White "Hyrs, Martin"]
[Black "Uhmann, Jan"]
[Result "1/2-1/2"]
[WhiteElo "1831"]
[BlackElo "1923"]
[PlyCount "61"]
[EventDate "2022.02.06"]
[Source "Analyze This Pr"]

1. d4 e6 2. e4 b6 3. Bd3 Bb7 4. Nf3 Nf6 5. Qe2 c5 6. c3 cxd4 7. cxd4 Bb4+ 8.
Bd2 Qe7 9. a3 Bxd2+ 10. Nbxd2 O-O 11. O-O Nc6 12. Rac1 e5 13. d5 Nd8 14. Ba6 d6
15. Rc2 Ne8 16. Ne1 f5 17. f3 f4 18. Bxb7 Qxb7 19. Nd3 Rf7 20. Rfc1 b5 21. Nb4
a5 22. Nc6 Rc7 23. Nxd8 Rxd8 24. Rxc7 Nxc7 25. Rc6 Na6 26. Qf2 Nc5 27. b4 axb4
28. axb4 Nd3 29. Qb6 Qxb6+ 30. Rxb6 Nxb4 31. Rxb5 1/2-1/2

[Event "Jm KP I. 23-24 Duras B-Univerzita B"]
[Site "?"]
[Date "2023.12.10"]
[Round "22.6"]
[White "Riha, Otmar"]
[Black "Fuchs, Ludek"]
[Result "1/2-1/2"]
[WhiteElo "1918"]
[BlackElo "1854"]
[PlyCount "39"]
[EventDate "2022.02.06"]
[Source "Analyze This Pr"]

1. e4 c5 2. Nc3 e5 3. Nf3 d6 4. Bc4 Nc6 5. Nd5 h6 6. c3 Nge7 7. h3 Be6 8. d3
Qd7 9. Nxe7 Bxe7 10. Bxe6 Qxe6 11. Qb3 Qxb3 12. axb3 O-O 13. O-O f5 14. Nd2 f4
15. Nc4 g5 16. Na5 Nd8 17. Bd2 b6 18. Nc4 Nc6 19. Ra6 Rad8 20. Rd1 1/2-1/2

[Event "Jm KP I. 23-24 Duras B-Univerzita B"]
[Site "?"]
[Date "2023.12.10"]
[Round "22.7"]
[White "Mencik, Pavel"]
[Black "Sebek, Jan"]
[Result "1-0"]
[WhiteElo "1721"]
[BlackElo "1873"]
[PlyCount "71"]
[EventDate "2022.02.06"]
[Source "Analyze This Pr"]

1. e4 c5 2. b3 d6 3. Bb2 Nc6 4. Bc4 Nf6 5. d3 a6 6. a4 Ne5 7. Nd2 Rb8 8. f4 Bg4
9. Qc1 Nxc4 10. Nxc4 Bd7 11. Nf3 e6 12. O-O b5 13. axb5 axb5 14. Nxd6+ Bxd6 15.
e5 Be7 16. exf6 gxf6 17. Qe3 Qc7 18. Nd2 Rg8 19. Rf3 f5 20. Rg3 Rg4 21. Rxg4
fxg4 22. Ne4 f5 23. Be5 Qb7 24. Bxb8 Qxb8 25. Nxc5 Qb6 26. b4 Kf7 27. d4 Bc8
28. c3 h5 29. Re1 h4 30. d5 h3 31. dxe6+ Kg6 32. gxh3 gxh3 33. Qg3+ Kh6 34.
Qxh3+ Kg6 35. Re5 Bxc5+ 36. bxc5 1-0

[Event "Jm KP I. 23-24 Duras B-Univerzita B"]
[Site "?"]
[Date "2023.12.10"]
[Round "22.8"]
[White "Zerdaloglu, Vasilis"]
[Black "Luc, Martin"]
[Result "1/2-1/2"]
[WhiteElo "1646"]
[BlackElo "1537"]
[PlyCount "36"]
[EventDate "2022.02.06"]
[Source "Analyze This Pr"]

1. e4 c5 2. Nf3 Nc6 3. Nc3 d6 4. Bb5 Bd7 5. O-O e6 6. Re1 Nge7 7. d4 cxd4 8.
Nxd4 a6 9. Nxc6 Nxc6 10. Bf1 Be7 11. Bf4 Ne5 12. Be3 Qc7 13. Qe2 b5 14. Bd4 O-O
15. a3 Rac8 16. f4 Nc4 17. b3 Nb6 18. e5 dxe5 1/2-1/2

[Event "Jm KP I 23-24 Loko Brno B - Lipovec"]
[Site "?"]
[Date "2023.12.10"]
[Round "23.1"]
[White "Pribyl, Rene"]
[Black "Fojtik, Tomas"]
[Result "1/2-1/2"]
[WhiteElo "1855"]
[BlackElo "2046"]
[PlyCount "20"]
[Source "Analyze This Pr"]

1. d4 Nf6 2. c4 g6 3. Nc3 d5 4. Bf4 Bg7 5. e3 c6 6. Nf3 O-O 7. b4 Nbd7 8. cxd5
Nxd5 9. Nxd5 cxd5 10. Bd3 Nf6 1/2-1/2

[Event "Jm KP I 23-24 Loko Brno B - Lipovec"]
[Site "?"]
[Date "2023.12.10"]
[Round "23.2"]
[White "Pokladnik, Martin"]
[Black "Vesely, Jaromir"]
[Result "1-0"]
[WhiteElo "2007"]
[BlackElo "1860"]
[PlyCount "63"]
[Source "Analyze This Pr"]

1. e4 e6 2. d4 d5 3. Nc3 f5 4. exf5 exf5 5. Bf4 Nf6 6. Nb5 Na6 7. Qe2+ Be7 8.
Qe5 O-O 9. Nxc7 Nxc7 10. Qxc7 Qe8 11. O-O-O Ne4 12. Nh3 Rf7 13. Qa5 Qc6 14. Bb5
Qg6 15. f3 b6 16. Qe1 Nd6 17. Bxd6 Bxd6 18. Qd2 Bd7 19. Bd3 Qf6 20. Be2 Ba4 21.
Kb1 Rc7 22. Rc1 Rac8 23. c3 Bc6 24. Nf2 b5 25. Nd3 a5 26. f4 b4 27. Ne5 bxc3
28. Qxc3 Ba4 29. Qxa5 Bc2+ 30. Rxc2 Rxc2 31. Qxd5+ Kf8 32. Nd7+ 1-0

[Event "Jm KP I 23-24 Loko Brno B - Lipovec"]
[Site "?"]
[Date "2023.12.10"]
[Round "23.3"]
[White "Marsa, Alexandr"]
[Black "Krejci, Petr"]
[Result "1/2-1/2"]
[WhiteElo "1926"]
[BlackElo "1813"]
[PlyCount "34"]
[Source "Analyze This Pr"]

1. d4 Nf6 2. c4 e6 3. Nc3 d5 4. Bg5 Be7 5. e3 O-O 6. Nf3 Nbd7 7. Rc1 c6 8. a3
h6 9. Bf4 Nh5 10. Ne5 Nxf4 11. exf4 dxc4 12. Bxc4 Nb6 13. Ba2 Qd6 14. Qd3 Nd5
15. Nxd5 exd5 16. Bb1 g6 17. Qg3 Qf6 1/2-1/2

[Event "Jm KP I 23-24 Loko Brno B - Lipovec"]
[Site "?"]
[Date "2023.12.10"]
[Round "23.4"]
[White "Sekanina, Jiri"]
[Black "Kobylka, Jan"]
[Result "1-0"]
[WhiteElo "1952"]
[BlackElo "1901"]
[PlyCount "65"]
[Source "Analyze This Pr"]

1. e4 c5 2. Nf3 d6 3. Bb5+ Bd7 4. Bxd7+ Qxd7 5. c4 e5 6. O-O g6 7. Nc3 Bg7 8.
d3 Ne7 9. a3 Nbc6 10. Rb1 a5 11. Bg5 f6 12. Be3 O-O 13. Nd5 Nxd5 14. cxd5 Nd4
15. b3 b5 16. Nxd4 cxd4 17. Bd2 f5 18. Qc2 a4 19. Rfc1 Rfc8 20. Qd1 fxe4 21.
dxe4 Rxc1 22. Rxc1 axb3 23. Qxb3 Rc8 24. Rc6 Kh8 25. Qxb5 Bf6 26. Qa6 Rb8 27.
Bb4 Be7 28. h3 Rd8 29. Qb6 g5 30. Rc7 Qa4 31. Rxe7 Qd1+ 32. Kh2 Qc1 33. Qxd8#
1-0

[Event "Jm KP I 23-24 Loko Brno B - Lipovec"]
[Site "?"]
[Date "2023.12.10"]
[Round "23.5"]
[White "Lisik, Miroslav"]
[Black "Sevcik, Milos"]
[Result "1/2-1/2"]
[WhiteElo "1787"]
[BlackElo "1907"]
[PlyCount "56"]
[Source "Analyze This Pr"]

1. e4 c6 2. d4 d5 3. e5 Bf5 4. Nf3 e6 5. Be2 Nd7 6. Be3 Qb6 7. Qc1 c5 8. c3
Bxb1 9. Rxb1 cxd4 10. Bxd4 Bc5 11. O-O Ne7 12. b4 Bxd4 13. cxd4 Nf5 14. Qd2 O-O
15. a4 Rfc8 16. Bd3 Ne7 17. h4 Nf8 18. h5 Qc6 19. a5 Qd7 20. g4 Rc7 21. Rfc1
Rac8 22. Kg2 Rxc1 23. Rxc1 Rxc1 24. Qxc1 Qc6 25. Qg5 Qc7 26. Qf4 f6 27. Qe3
fxe5 28. Nxe5 Nc6 1/2-1/2

[Event "Jm KP I 23-24 Loko Brno B - Lipovec"]
[Site "?"]
[Date "2023.12.10"]
[Round "23.6"]
[White "Sevcik, David"]
[Black "Zitny, Petr"]
[Result "1-0"]
[WhiteElo "1871"]
[BlackElo "1869"]
[PlyCount "113"]
[Source "Analyze This Pr"]

1. b3 c5 2. Bb2 Nc6 3. Nf3 d5 4. e3 Bg4 5. Be2 e6 6. O-O Nf6 7. d4 Bxf3 8. Bxf3
Rc8 9. c3 Bd6 10. Nd2 O-O 11. dxc5 Bxc5 12. c4 dxc4 13. Nxc4 Qe7 14. Qe2 Nd7
15. Rfd1 Nb6 16. Nxb6 Bxb6 17. Rac1 Rfd8 18. Bxc6 Rxc6 19. Rxc6 bxc6 20. g3
Rxd1+ 21. Qxd1 f6 22. Qd3 Qd8 23. Qxd8+ Bxd8 24. e4 e5 25. Kf1 Kf7 26. Ke2 Ke6
27. g4 g6 28. f3 h5 29. h3 hxg4 30. hxg4 f5 31. gxf5+ gxf5 32. Kd3 fxe4+ 33.
fxe4 Bb6 34. a4 a6 35. Kc4 Kd6 36. Ba3+ c5 37. Bc1 Bd8 38. Be3 Bb6 39. b4 Kc6
40. bxc5 Bd8 41. Bh6 Bc7 42. Bg5 Ba5 43. Be7 Bc7 44. Kb4 Kd7 45. Bd6 Bxd6 46.
cxd6 Kxd6 47. Ka5 Kc5 48. Kxa6 Kd4 49. Kb5 Kxe4 50. a5 Kf3 51. a6 e4 52. a7 e3
53. a8=Q+ Kf2 54. Qf8+ Ke1 55. Qb4+ Kd1 56. Qd4+ Ke2 57. Kc4 1-0